[Event "WchT 5th"]
[Site "Yerevan"]
[Date "2001.10.15"]
[Round "4.3"]
[White "Lputian, Smbat G"]
[Black "Sakaev, Konstantin"]
[Result "1-0"]
[WhiteElo "2618"]
[BlackElo "2639"]
[Annotator "Solozhenkin,E"]
[PlyCount "67"]
[EventDate "2001.10.12"]
[EventType "team-tourn"]
[EventRounds "9"]
[EventCountry "ARM"]
[SourceTitle "CBM 086"]
[Source "ChessBase"]
[SourceDate "2002.02.05"]
[SourceVersion "1"]
[SourceVersionDate "2002.02.05"]
[SourceQuality "1"]
[WhiteTeam "Armenia"]
[BlackTeam "Russia"]
[WhiteTeamCountry "ARM"]
[BlackTeamCountry "RUS"]

1. d4 Nf6 2. c4 e6 3. Nf3 b6 4. e3 Bb7 5. Bd3 d5 6. O-O Nbd7 7. b3 ({If White
want to chose plan with exchange in the center they ought to play} 7. cxd5 {
straight away}) 7... Be7 ({The line} 7... Bd6 {takes place more often.}) 8. Bb2
O-O 9. Nc3 (9. cxd5 Nxd5 $5) 9... c5 10. Qe2 ({Position after} 10. cxd5 Nxd5 (
10... exd5 11. Rc1 Rc8 12. Qe2 $14) 11. Nxd5 Bxd5 {should be equal.}) 10...
cxd4 (10... Rc8 11. Rad1 Qc7 12. Ne5 dxc4 13. bxc4 cxd4 14. exd4 Nxe5 15. dxe5
Qc6 16. f4 Nd7 17. Kh1 Nc5 18. Bc2 g6 19. Nb5 a6 20. Nd4 Qc7 21. f5 $36 {
Franco-Verat,1991}) ({White scored very good in the line} 10... Ne4 11. cxd5)
11. exd4 Re8 12. Ne5 {There were not too many games on this item. Black did a
new move:} a6 13. Rad1 Nf8 (13... Qc7 {looks logical in connection with 12...
a6, but after} 14. f4 {there is feeling that position of the queen is far from
the king. Less stronger for White} (14. cxd5 exd5 (14... Nxd5 $2 15. Bxh7+ $18)
15. Rc1 Qd6 {with equal chances.})) ({Attention deserved} 13... Bd6 $5 14. f4
Qe7 15. g4 Nf8 16. g5 N6d7 {White has space advantage but he weakened the
position of the king. Both sides have their chances.}) 14. Kh1 Bb4 15. f4 Bxc3
16. Bxc3 Ne4 17. Bxe4 dxe4 18. Ng4 $1 {The venue of the knigh on e3 with
blockade of e4-pawn underlines that Black's strategy was not perfect.} f6 (
18... b5 {do not really create an object of attack and only aggraves the
position after} 19. Ne3) 19. Ne3 $16 Qc7 20. g4 $1 {A courageous decision and
a strong one at the same time.} Rad8 21. f5 Rd7 ({If} 21... h6 {than} 22. Qf2 {
following by 23.h4. Actually it is difficult to recommend better defence plan
for Black.}) 22. g5 $1 fxg5 (22... exf5 23. gxf6 g6 (23... f4 24. Ng4 e3+ 25.
d5 Bxd5+ 26. Rxd5 Rxd5 27. fxg7 Rd6 28. gxf8=Q+ Rxf8 29. Qg2 h6 30. Nf6+ Kf7
31. Nd5 $18) 24. d5 Rf7 25. Qg2 Kh8 26. h4 f4 27. Qh2 $16) 23. Qh5 Rf7 24. f6 (
24. fxe6 {seems to be stonger:} Nxe6 25. d5 Nf4 26. Qxg5 Nd3 27. Rxf7 Qxf7 28.
Rf1 $16) 24... gxf6 $2 (24... Ng6 $8 25. Qxg5 (25. fxg7 Rf3 26. Qxg5 Qxg7 27.
Rde1 Qe7 $14) (25. d5 exd5 26. fxg7 Nf4 27. Nf5 Re6 28. Qxg5 Nd3) 25... Qd8 26.
d5 e5 27. Nf5 Bc8 28. Ne7+ (28. Nxg7 Rxg7 29. h4 Qd7 30. Qg2 Rf7 31. h5 Qh3+
32. Qxh3 Bxh3 33. hxg6 hxg6 34. Rfe1 Bg4 35. Rd2 Bf3+ 36. Kg1 Rxf6) 28... Nxe7
29. fxe7 Rxf1+ 30. Rxf1 Qxe7 31. Qxe7 Rxe7 32. Kg2 {with better chances in the
endgame.}) 25. d5 $1 exd5 (25... e5 26. Ng4 $18) 26. Bxf6 d4 27. Ng4 e3+ 28.
Kg1 $18 Ng6 29. Nh6+ Kf8 30. Nxf7 Qc6 (30... Nf4 31. Qh6+ Kxf7 32. Bxg5 $18)
31. Qh6+ Kxf7 32. Bxd4+ Ke7 33. Qxg5+ Kd7 34. Bxb6+ 1-0

[Event "RUS-ch m3-4"]
[Site "Elista"]
[Date "1997.05.21"]
[Round "1.4"]
[White "Vaulin, Alexander"]
[Black "Smagin, Sergey"]
[Result "1-0"]
[WhiteElo "2490"]
[BlackElo "2575"]
[Annotator "Tisdall,J"]
[PlyCount "45"]
[EventDate "1997.04.19"]
[EventType "k.o."]
[EventRounds "6"]
[EventCountry "RUS"]
[SourceTitle "CBM 059"]
[Source "ChessBase"]
[SourceDate "1997.08.01"]
[SourceVersion "1"]
[SourceVersionDate "1997.08.01"]
[SourceQuality "1"]

1. d4 Nf6 2. c4 e6 3. Nc3 c5 4. e3 b6 5. Nf3 a6 6. d5 exd5 7. Nxd5 $1 Nxd5 8.
Qxd5 {[#]} Ra7 $4 (8... Bb7 $5 9. Qxb7 Nc6 10. Ne5 $1 Nxe5 11. Qd5 $16) (8...
Nc6 9. Bd2 $16) 9. Qe5+ Be7 10. Qxb8 $18 Rb7 11. Qg3 O-O 12. Bd2 Bf6 13. Bc3
Bxc3+ 14. bxc3 Qf6 15. Qe5 Qg6 16. Rd1 f6 17. Qd5+ Kh8 18. Bd3 Qxg2 19. Rg1 Qh3
20. Qd6 Re8 21. Be4 Qh5 22. Bxb7 Bxb7 23. Qxd7 1-0

[Event "NOR-ch"]
[Site "Norway"]
[Date "1996.??.??"]
[Round "3"]
[White "Elsness, Frode"]
[Black "Tisdall, Jonathan D"]
[Result "0-1"]
[WhiteElo "2350"]
[BlackElo "2515"]
[Annotator "Tisdall,J"]
[PlyCount "88"]
[EventDate "1996.??.??"]
[EventType "swiss"]
[EventRounds "9"]
[EventCountry "NOR"]
[SourceTitle "EXT 1997"]
[Source "ChessBase"]
[SourceDate "1996.11.15"]
[SourceVersion "1"]
[SourceVersionDate "1996.11.15"]
[SourceQuality "1"]

1. d4 Nf6 2. c4 e6 3. Nf3 Bb4+ 4. Nbd2 b6 {I think I played} (4... d5 {against
Frode in Ostlandsserien earlier this year, but my memory fails me.}) 5. a3
Bxd2+ 6. Qxd2 {The most ambitious move, intending to put the L on b2.} Bb7 7.
e3 O-O 8. b4 d6 9. Be2 Nbd7 10. O-O Ne4 11. Qc2 (11. Qd3 {is Gelfand's pet,
but he lost horribly with it recently against Illescas after} f5 12. Bb2 Rf6 $5
13. d5 Rg6 $1) 11... f5 12. Ne1 {I think Elsness plays the opening quite
accurately, the Lc1 waits to go to b2 until he has kicked out the black knight,
since the e3 square needs protection.} Qe7 13. f3 Ng5 14. Nd3 c5 {This risks a
very simplified position, but since white plans c5 himself, I saw no sensible
alternative.} 15. dxc5 bxc5 16. Nf4 (16. bxc5 dxc5 17. f4 Ne4 18. Bb2 {was
possible, with a solid position.}) 16... Nb6 (16... Rac8 {looks more accurate.}
) 17. Rd1 Rac8 18. b5 Rf6 $1 {Now black has a strong initiative, and found a
very efficient, though double edged plan. Black wishes to attack, without
allowing white to play Sd5, blocking the diagonal of the Lb7. My next eight
moves execute this idea.} 19. a4 Rh6 20. a5 Nd7 21. Qd2 Nf7 22. Qe1 {[#]} Kh8
$1 {Bringing the final phase of the plan into effect, and using all pieces in
attack. Naturally, there will be some danger on the a1-h8 diagonal, but the
Sf7 is a tremendous defensive piece.} 23. Bb2 Rg8 24. Rd2 $1 {White finds the
only way to create tactical chances against black's center.} Nf6 25. Rad1 g5
26. Nd3 e5 27. Bf1 {The g2 pawn must be guarded before the position opens up.}
Rhg6 $1 28. Nf2 $5 (28. f4 $5 {was the critical line. I calculated} gxf4 29.
exf4 Ne4 30. fxe5 dxe5 31. Nxe5 Nxe5 32. Rd7 {[#]} Qf6 33. Bxe5 (33. R1d6 Nf3+
34. Kh1 Qxb2) 33... Qxe5 34. Rxb7 (34. Qh4 R6g7) 34... Qb2 $1 35. g3 (35. Qe2
Qxe2 36. Bxe2 Rxg2+ 37. Kf1 Rf2+ {mates. .}) 35... Nxg3 36. hxg3 Rxg3+ 37. Qxg3
Rxg3+ 38. Kh1 Qf6 {and black wins.}) 28... g4 29. fxg4 $2 (29. f4 g3 30. hxg3
Rxg3 31. Nh1 $5 {would have led to tremendous complications.}) 29... Nxg4 (
29... h5 $5 {was an interesting alternative, but I did not want to lose
control.}) 30. Nxg4 Rxg4 31. Kh1 h5 32. Qf2 Qe6 33. h3 Rg3 34. Kh2 h4 35. Qf4
Qf6 36. Rf2 $6 {This doesn't work, but white was on the verge of being forced
back on the defensive.} R8g6 $1 {Now the white queen is suddenly trapped.} 37.
Rxd6 Qxd6 38. Qxf5 Rg7 39. a6 Ba8 40. Qc8+ Rg8 41. Qf5 R3g7 $1 {The sealed
move, and the best. It was still possible to go wrong:} (41... Qg6 $2 42. Qxg6
R8xg6 43. Rxf7 Rxg2+ 44. Bxg2 Rxg2+ 45. Kh1 Rg7+ (45... Rxb2+ 46. Kg1 {and
white's queenside pawns are too dangerous.}) 46. Rb7 $1 Bxb7+ 47. axb7 Rxb7 48.
Bxe5+ Kg8 49. Bd6 {and white has no worries.}) 42. Kh1 Re8 $1 {Once the e5
pawn is firmly protected, there are no tactical tricks.} 43. Rf4 $5 Kg8 (43...
exf4 44. Qxf7 {is unnecessarily messy.}) 44. Rxh4 Qd2 0-1

[Event "NOR-ch"]
[Site "Drammen"]
[Date "1994.??.??"]
[Round "8"]
[White "Ostenstad, Berge"]
[Black "Fyllingen, Roy Harald"]
[Result "0-1"]
[WhiteElo "2475"]
[BlackElo "2330"]
[Annotator "Tisdall,J"]
[PlyCount "54"]
[EventDate "1994.??.??"]
[EventType "swiss"]
[EventRounds "9"]
[EventCountry "NOR"]
[SourceTitle "TD"]
[Source "ChessBase"]
[SourceDate "1994.03.01"]
[SourceVersion "1"]
[SourceVersionDate "1994.03.01"]
[SourceQuality "1"]

{CBM 43} 1. d4 Nf6 2. Nf3 e6 3. c4 Bb4+ 4. Nbd2 b6 5. a3 Bxd2+ 6. Qxd2 Bb7 7.
e3 d6 8. b4 Nbd7 9. Bb2 {A simple and respected plan that should give white a
slight advantage.} Qe7 10. Be2 O-O 11. O-O Ne4 12. Qc2 {12.Qd3 is often played
to protect e3. The importance of keeping e3 guarded will become clearer later.}
f5 13. Ne1 {White prepares to eject the Ne4 with f3.} Qg5 $1 {Black highlights
the subtle inaccuracy in white's play. By playing Bb2 early, and then Qc2,
white cannot play f3 since the e3 pawn is weak.} 14. d5 {White prevents ...Rf6.
} Rae8 $1 15. Nf3 $1 {White rightly gives up on playing f3, and plays to open
lines in the center.} Qg6 16. Nd4 exd5 17. cxd5 Bxd5 18. f3 {Now this is
correct, since white must blunt the pressure against g2.} (18. Qxc7 $2 Rc8 $1
19. Qxa7 (19. Qxd7 Nf6 {threatens the queen and mate on g2.}) 19... Ra8 20. Qc7
Rfc8 21. Qxd7 Nf6 {and black wins.}) 18... Ng5 19. Qxc7 Ne5 $1 20. Rac1 $1 (20.
f4 $4 Nh3+ {and mate on g2.}) (20. Qxa7 {looks frivolous while black is
massing all of his forces around the white king .} Nc4 21. Bxc4 Bxc4 22. Rfe1
Nh3+ 23. Kh1 Nf2+ 24. Kg1 Nd3 {is one way of playing that is clearly dangerous
for white.}) 20... Rf7 21. Qc2 Rf6 22. Qd1 Ba8 23. Rc7 Qh5 {Introducing the
threat of ...Rh6.} 24. e4 $6 {Probably played on general principles, to block
the long diagonal.} (24. f4 $5 {looks wrong since it allows the powerful Ba8
to participate in the attack, but I can see no refutation to this
straightforward move.} Nh3+ (24... Qh3 25. Nf3 Ngxf3+ 26. Bxf3 Nxf3+ 27. Rxf3 {
wins:} Bxf3 28. Qb3+) 25. Kh1 (25. gxh3 $4 Rg6+ 26. Bg4 {murders white.} (26.
Kf2 Qh4#) 26... Qxh3 $1) 25... Rg6 (25... Ng4 26. Bxg4 fxg4 27. Rxa7 $5 (27.
Nc6 $5 {look better for white.})) (25... Bxg2+ 26. Kxg2 Rg6+ 27. Kh1 Qh4 {
is tricky, but doubtful. For example, even} 28. Nxf5 Nf2+ (28... Qf2 29. Rxg7+
Rxg7 30. Nxg7 {wins.}) 29. Rxf2 Qxf2 30. Rxg7+ Rxg7 31. Nxg7 Kxg7 32. fxe5 {
is clearly good for white.}) 26. Nc6 $1 {seems to break the attack.} Qh4 27.
fxe5 Nf2+ 28. Rxf2 Qxf2 29. Qf1 {and white is a bit better.}) 24... fxe4 25. f4
Ngf3+ $1 26. Bxf3 (26. gxf3 Rg6+ 27. Kh1 (27. Kf2 e3+ 28. Kxe3 (28. Ke1 Qh4+)
28... Nc4+) 27... exf3 28. Nxf3 Nxf3 29. Bxf3 Bxf3+ 30. Qxf3 Qxf3+ 31. Rxf3
Re1+ {and mate in one move.}) (26. Nxf3 exf3 27. fxe5 $1 (27. Bxf3 Nxf3+ 28.
gxf3 Rg6+ {mates as before.}) 27... fxe2 28. Qb3+ (28. exf6 exd1=Q {wins since}
29. f7+ {is met by} Qxf7 $1) 28... Kh8 29. Re1 (29. exf6 exf1=Q+ 30. Kxf1 Qe2+
31. Kg1 Qe1# {matt.}) 29... Rg6 30. g3 {looks critical for White, but was
certainly his last chance. After} Rf8 $1 {black has dangerous threats} 31. Rc2
$2 {fails nicely to} (31. Qf7 $1 {gives white chances to fight:} Rxg3+ 32. hxg3
Qh1+ 33. Kf2 Rxf7+ 34. Rxf7 Qg2+ 35. Ke3 Qe4+ 36. Kf2 {and black has at least
a draw.}) 31... Qxh2+ $3 32. Kxh2 Rh6+ 33. Kg1 Rh1# {but}) 26... exf3 27. fxe5
(27. g3 f2+) 27... f2+ $1 (27... f2+ 28. Kh1 Qxd1 29. Rc1 (29. Rxd1 f1=Q+ 30.
Rxf1 Rxf1#) 29... Bxg2+ 30. Kxg2 Qg4+ 31. Kh1 Qe4+ {mates.}) 0-1

[Event "FIDE-Wch k.o."]
[Site "Las Vegas"]
[Date "1999.07.31"]
[Round "1.1"]
[White "Sokolov, Ivan"]
[Black "Kudrin, Sergey"]
[Result "1-0"]
[WhiteElo "2656"]
[BlackElo "2525"]
[Annotator "Tyomkin,D"]
[PlyCount "61"]
[EventDate "1999.07.31"]
[EventType "k.o."]
[EventRounds "7"]
[EventCountry "USA"]
[SourceTitle "CBM 072"]
[Source "ChessBase"]
[SourceDate "1999.10.01"]
[SourceVersion "1"]
[SourceVersionDate "1999.10.01"]
[SourceQuality "1"]

1. Nf3 c5 2. c4 b6 3. Nc3 Bb7 4. e3 Nf6 5. d4 cxd4 6. exd4 e6 7. Bd3 Be7 8. O-O
d5 9. cxd5 Nxd5 10. Re1 (10. Qe2 Nd7 11. Bd2 O-O 12. Rac1 N7f6 13. Ne4 Nxe4 14.
Qxe4 g6 15. Bh6 Re8 16. Ne5 Bf8 $132 {Ioseliani,N-Rodriguez,A/WchT 4th 1997})
10... Nd7 (10... O-O 11. a3 Nc6 12. Bc2 Rc8 13. Qd3 g6 14. Bh6 Re8 15. h4 Nxc3
16. bxc3 Bf8 17. Bg5 $14 {Arsovic,Z-Zafirovski,M/JUG-ch op 1996}) 11. Ne4 $146
(11. Nxd5 Bxd5 12. Bf4 O-O 13. Re3 g6 14. Be2 Nf6 15. Rc3 Bxf3 16. Rxf3 Qd7 17.
Be5 Nd5 18. Qd2 f6 19. Bg3 Bd6 20. Bc4 {1/2-1/2 Kharitonov,A-Ivanov,T/Open 1999
}) (11. a3 O-O (11... Rc8 12. Nxd5 Bxd5 13. Ba6 Ra8 14. Bf4 O-O 15. Rc1 Nf6 16.
Bc7 Qe8 $13 {Hernandez,R-Gurevich,D/WchT Luzern 1989}) 12. Bc2 Rc8 (12... N7f6
13. Qd3 Rc8 14. Bg5 g6 15. Bh6 Re8 16. Ba4 Bc6 17. Bxc6 Rxc6 18. Ne5 Rc8 $13 {
Tibensky,R-Held,M/Mipap Cup 1999}) 13. Qd3 g6 14. Bh6 Re8 15. Ne4 N5f6 16. Nc3
Qc7 17. h3 Nd5 $132 {Djurhuus,R-King,D/Gausdal MI9394}) (11. Qe2 O-O 12. Be3
Rc8 13. Rac1 Bd6 14. Bb1 Nf4 15. Bxf4 Bxf4 16. Rcd1 Nf6 $11 {Kosyrev,V-Eliseev,
A/RUS-chJ 1998}) 11... O-O 12. a3 N5f6 $2 (12... N7f6 13. Qe2 Rc8 14. Ne5 h6 (
14... Nxe4 15. Qxe4 g6 16. Bh6 Re8 17. Nxf7 $1 $18 {[%csl Re6]}) 15. Qf3 Qc7
16. Bd2 $14) 13. Ng3 $1 {White has an isolated pawn,but the situation on the
board is very convenient for white:black pieces are not good placed,especially
after his last move.White is going to finish development,and starting to
prepare an attack against black king.} Rc8 14. Bf4 Re8 15. Qe2 Nd5 16. Bd2 N7f6
17. Rad1 Nc7 (17... Bd6 $5 18. Ne5 Re7 19. f4 $5 (19. Nh5)) 18. Bf4 Ncd5 $6 (
18... Nfd5 $142 19. Qe4 (19. Be5) 19... f5 $5 (19... g6 20. Bh6 {[%cal Gf3e5]})
20. Bxc7 fxe4 21. Bxd8 exf3 22. Bxe7 Rxe7 23. gxf3 Nf4 $44) 19. Bg5 Nc7 (19...
h6 {was weakening the kingside.} 20. Bd2 {[%cal Gf3e5]}) 20. Ne5 $16 g6 (20...
Qd5 21. f4 $1 {[%cal Rg5f6]} Qxd4+ 22. Kh1 Qa4 23. Bxf6 Bxf6 24. Bxh7+ Kxh7 25.
Qh5+ Kg8 26. Qxf7+ Kh8 27. Rd3 $1 (27. Rc1 Bxg2+ $1 28. Kxg2 Nd5 $132) 27...
Bxg2+ 28. Kxg2 Bxe5 29. Rxe5 Qc2+ 30. Kh3 Qxd3 31. Rh5+ Qh7 32. Rxh7+ Kxh7 33.
Nh5 $18) 21. h4 Nfd5 22. Qg4 Nf6 (22... f6 23. Bxg6 $1 hxg6 (23... fxg5 24. Qh5
Nf6 25. Bxh7+ $1) (23... fxe5 24. Qh5 hxg6 25. Qxg6+ Kh8 26. Nh5 $18) 24. Bh6
$1 $18) 23. Bxf6 Bxf6 24. h5 {[%mdl 128] Breaking the kingside via g6-point.
White has already 4 pieces taking part in attack,on other hand black pieces
are far from the defense.} Re7 25. hxg6 hxg6 26. Nh5 {[%csl Rg6,Rg8][%cal
Ge1e3,Ge3h3]} Bg7 (26... Bh8 27. Bxg6 (27. Re3 $16) 27... fxg6 28. Qxg6+ Kf8
29. Qh6+ Kg8 30. Re3 Rg7 (30... Bg7 31. Rg3 $18) (30... Qf8 31. Rg3+ Bg7 32.
Nf6+) 31. Nxg7 Bxg7 32. Rg3 Qe7 33. Rdd3 $18 {[%cal Rg3g7,Yd3g3]}) 27. Nxg7
Kxg7 28. Re3 Nd5 29. Rh3 $18 Qe8 (29... Nf6 30. Qg5 $18 {[%cal Rg5h6,Rd3g6]})
30. Qg5 f5 (30... Rec7 31. Nxf7 $1 Qxf7 32. Qh6+ Kf6 33. Rf3+ $18) 31. Rh6 1-0

[Event "FIDE-Wch k.o."]
[Site "Las Vegas"]
[Date "1999.07.31"]
[Round "1.1"]
[White "Chiburdanidze, Maia"]
[Black "Akopian, Vladimir Eduardovic"]
[Result "0-1"]
[WhiteElo "2551"]
[BlackElo "2646"]
[Annotator "Tyomkin,D"]
[PlyCount "92"]
[EventDate "1999.07.31"]
[EventType "k.o."]
[EventRounds "7"]
[EventCountry "USA"]
[SourceTitle "CBM 072"]
[Source "ChessBase"]
[SourceDate "1999.10.01"]
[SourceVersion "1"]
[SourceVersionDate "1999.10.01"]
[SourceQuality "1"]

1. d4 Nf6 2. c4 e6 3. Nf3 b6 4. e3 Bb7 5. Bd3 d5 6. O-O dxc4 7. Bxc4 a6 8. Qe2
(8. Nc3 b5 9. Bd3 c5 10. a4 $6 b4 11. Ne2 Nbd7 $15 12. b3 cxd4 13. Nfxd4 e5 $1
14. Nf5 g6 15. Nfg3 h5 $1 16. f3 Bc5 17. Kh1 Qe7 $17 {Yusupov,A-Ivanchuk,V
Linares 1992}) (8. b3 Nbd7 9. Bb2 Be7 10. Nbd2 O-O 11. Qe2 c5 12. a4 Qb8 13.
Rfd1 Rd8 14. dxc5 Bxc5 $11 {Prakash,G-Short,N/Calcutta Goodricke op 1998}) 8...
c5 (8... b5 9. Bd3 (9. Bb3 c5 {QGA}) 9... c5 10. dxc5 Bxc5 11. e4 Nc6 12. Nc3
Qc7 13. e5 Nd7 14. Bf4 Nd4 15. Nxd4 Bxd4 16. Rac1 $36 {Portisch,L-Anand,V/
Brussels SWIFT rapid 1992}) 9. dxc5 (9. Rd1 Nbd7 (9... cxd4 10. Nxd4 Nbd7 11.
Nc3 b5 12. Bxe6 $2 fxe6 13. Nxe6 Qb6 14. Nf4 Bc5 15. b3 O-O $19 {Balogh,
B-Sziraki,T/HUN-chT1 1995}) 10. a4 (10. Nc3 cxd4 11. exd4 b5 12. Bb3 b4 13. Ne5
Qb6 14. Na4 Qb5 $13 {Lukacs,P-Onischuk,A/Budapest FS07 GM 1993}) 10... Bd6 11.
Nc3 cxd4 $6 $146 (11... Qc7 $5 $13) 12. exd4 (12. Rxd4 $6 Qc7) 12... O-O 13.
Bg5 Qc7 14. d5 exd5 15. Nxd5 Nxd5 16. Bxd5 $14 {Rashkovsky,N-Biriukov,O/
RUS-Cup01 Chigorin mem 1997}) 9... Bxc5 10. Nbd2 Nbd7 11. b3 O-O 12. Bb2 Qe7
$11 13. Bd3 (13. a4 $5 {preventing following exchange.}) 13... Ba3 $1 14. Bxa3
Qxa3 15. Nc4 Qe7 16. Rad1 Rad8 17. Nd4 g6 {[%cal Ge6e5,Yd4f5] intending e6-e5
and Black take control over f5-point at first.} 18. Qb2 e5 19. Ne2 b5 20. Na5
Ba8 21. b4 Nb6 22. a3 h5 $1 $15 {Power of bishop-a8 forces black to play on
the kingside.Black has better position because of better places of his pieces.}
23. Nc3 h4 {[%cal Gh4h3]} 24. h3 Nfd5 {[%csl Ga8,Rg2][%cal Ge7g5] Setting free
the way to the queen to-g5.} 25. Rfe1 {[%cal Gd3f1]} (25. Ne4 Na4 $15 {[%cal
Yf7f5]}) 25... Nxc3 26. Qxc3 Rc8 27. Qa1 Qg5 28. Bf1 Nd5 29. Rc1 Nf6 30. Rxc8
Rxc8 31. Rc1 Re8 32. Nb3 Ne4 {By exact and accurate play white equalized.But
in this moment Maja probably had some time-pressure and overlooked(or
understimated?!)following blacks threat.} 33. Rd1 $2 (33. Qb2 $11) {[%tqu "En",
"How black can destroy whites positin,using last unaccuracy of white?","","",
"e4f2","",10]} 33... Nxf2 $1 {[%csl Rd1][%cal Rf2h3][%mdl 64] With this
sacrifice black crashes white on the kingside.} 34. Kxf2 Qg3+ 35. Ke2 (35. Kg1
Qxe3+ $19 {[%csl Rb3]}) 35... Bxg2 36. Bxg2 (36. Nd2 Rd8 37. Qc3 Qxh3 {[%cal
Rh3g4]} 38. Bxg2 Qxg2+ 39. Ke1 h3 $19) 36... Qxg2+ $17 37. Ke1 $2 (37. Kd3 Qf2
(37... a5 $5 {That is not my offer! It is Fritz5.32!}) (37... Qxh3 38. Nc5 Qf3
$17 {[%cal Ge8d8]} (38... Qg4 $5 {[%cal Gg4c4]}))) 37... Qxh3 {Black has 3
pawns for a light piece,but another preferences like weakness of white king,
passivity of queen on-a1 and paseed pawn-h,makes blacks advantage decisive.}
38. Qc3 Qh1+ 39. Ke2 Qg2+ 40. Ke1 Qg1+ 41. Ke2 Qg2+ 42. Ke1 h3 $19 {Passed
pawn-h decides this game.} 43. Qd2 Qg1+ 44. Ke2 h2 45. Qd7 Qg2+ 46. Kd3 Rf8 0-1